Advanced thermodynamic for engineers (Record no. 3218)

000 -LEADER
fixed length control field 00582nam a2200217 4500
001 - CONTROL NUMBER
control field 3218
003 - CONTROL NUMBER IDENTIFIER
control field BD-DhUET
008 - FIXED-LENGTH DATA ELEMENTS--GENERAL INFORMATION
fixed length control field 141022b xxu||||| |||| 00| 0 eng d
020 ## - INTERNATIONAL STANDARD BOOK NUMBER
International Standard Book Number 0071135502
040 ## - CATALOGING SOURCE
Transcribing agency 0
Modifying agency BD-DhUET
082 ## - DEWEY DECIMAL CLASSIFICATION NUMBER
Classification number 621.01
Item number WAR/1995
100 ## - MAIN ENTRY--PERSONAL NAME
Personal name Wark, Kenneth
245 ## - TITLE STATEMENT
Title Advanced thermodynamic for engineers
Statement of responsibility, etc. by Kenneth Wark
250 ## - EDITION STATEMENT
Edition statement 1st ed.
260 ## - PUBLICATION, DISTRIBUTION, ETC. (IMPRINT)
Place of publication, distribution, etc. New York
Name of publisher, distributor, etc. McGraw Hill
Date of publication, distribution, etc. 1995
300 ## - PHYSICAL DESCRIPTION
Extent xvi, 564p.
490 ## - SERIES STATEMENT
Series statement McGraw Hill series in mechanical engineering
504 ## - BIBLIOGRAPHY, ETC. NOTE
Bibliography, etc Includes bibliographies
650 #0 - SUBJECT ADDED ENTRY--TOPICAL TERM
Topical term or geographic name as entry element Thermodynamics
942 ## - ADDED ENTRY ELEMENTS (KOHA)
Koha item type General Book
Holdings
Koha date last seen Location (home branch) Price effective from Shelving location Copy number Source of classification or shelving scheme Not for loan Koha item type Koha issues (times borrowed) Date acquired Koha normalized classification for sorting Koha renewals Withdrawn status Koha date last borrowed Koha full call number Sublocation or collection (holding branch) Damaged status Lost status Piece designation (barcode)
2016-08-14Central Library, BUET2014-10-22Circulation section1  General Book 2014-10-22621_000000000000000_01WAR1995   621.01/WAR/1995Central Library, BUET  96070
2023-04-04Central Library, BUET2014-12-11Circulation section2  General Book42014-12-11621_010000000000000_WAR_19951 2023-01-10621.01/WAR/1995Central Library, BUET  96069
2015-06-15Central Library, BUET2015-06-15Reading section3  Reading Item 2015-06-15621_010000000000000_WAR_1995   621.01/WAR/1995Central Library, BUET  96068